Физическа география на континентите (Запис номер 182220)
[ съкратено ]
| 000 -Лидер | |
|---|---|
| Контролно поле с фиксирана дължина | 01597nam a2200337 c 4500 |
| 003 - Код на организацията, давaща контролен номер | |
| Контролно поле | BLK |
| 005 - Дата и час на последна редакция | |
| Контролно поле | 20230406130035.0 |
| 008 - Елементи от данни с фиксирана дължина | |
| fixed length control field | 180411b bul|||||r ||||||| ||bul|| |
| 010 ## - Наследен системен номер | |
| LC control number | KNG00191143000 |
| 040 ## - Източник на каталожния запис | |
| Идентификатор на билиотеката - собственик на записа | BLK |
| 041 ## - Код за език | |
| Код за езика на текст/звукозапис или на отделно заглавие | Български |
| Код за езика КДБФ | Български |
| 080 ## - УДК | |
| Текстов определител УДК | Физическа география |
| УДК код - определител по УДК | 911.2 |
| УДК определител | (075.8)(21) |
| УДК - код + определител | 911.2(075.8)(21) |
| 100 1# - Редна дума - Автор | |
| Автор | Гловня, Мартин Франсоа |
| Дати, свързани с автора | 1919-1966 |
| Автор - информация (биография) | Географ |
| Авторска отговорност | първи автор |
| R(LIN) | 54430 |
| 139 ## - Редно поле | |
| Редна дума | Гловня, Мартин Франсоа |
| Авторски знак | Гли - Г 55 |
| 245 10 - Сведения за заглавието | |
| Заглавие | Физическа география на континентите |
| Подзаглавни данни | Учебник за студентите от СУ Климент Охридски |
| Редно поле (дума) | Мартин Франсоа Гловня; съавт. Екатерина Н. Благоева. |
| 250 ## - Област на изданието | |
| Сведения за изданието | 3. стер. изд. |
| 257 ## - Страна на издаване | |
| Страна на създаване/издаване | България |
| 260 ## - Област на издателските данни | |
| -- | София |
| Име на издателя, разпространителя и проч. | Унив. изд. Климент Охридски |
| Година на издаване | 1989 |
| 300 ## - Физическа характеристика | |
| Страници | 568 с. |
| Илюстрации и др. | с ил., к., диагр. |
| Размери/Мащаб | 22 см |
| 380 ## - Жанр | |
| Жанр | География |
| 500 ## - Общи забележки | |
| Забележка | 1. изд. 1967 с авт. Мартин Гловня ; Предходните изд. са на изд. Наука и изкуство. - Кн. е деп. 1991 г. - 3 085 тир. - Библиогр. с. 559-563. |
| 650 #4 - Допълнително описание по предмет – тема | |
| Основно описание – тема или топоним | Физическа география |
| 9 (RLIN) | 283035 |
| 653 ## - Ключова дума – ненормативна | |
| Ключова дума | физическа география |
| 653 ## - Ключова дума – ненормативна | |
| Ключова дума | учебници за ВУЗ |
| 700 1# - Други автори (авторска отговорност) | |
| Лично име | Благоева, Екатерина Н. |
| Автороска отговорност (Описва отношението между автора и произведението) | съавт. |
| 9 (RLIN) | 342858 |
| 852 ## - Местоположение | |
| Форматна сигнатура | Цб 166170 |
| 856 4# - Електронен адрес и достъп | |
| Електронен формат | pdf - файл |
| Път до файла /url/ | |
| 856 4# - Електронен адрес и достъп | |
| Електронен формат | pdf - файл |
| Път до файла /url/ | |
| 942 ## - АРТИКУЛИ | |
| Вид на библиотечния материал | Книги |
| Скрит в OPAC | Не |
| Koha issues (borrowed), all copies | 8 |
| 944 ## - СЪЗДАВАНЕ И РЕДАКЦИЯ на ЗАПИСА | |
| Създаване/Редакция | Създаване |
| Дата на регистрацията/редакция | 29.09.2016 |
| Служител, извършил регистрацията/редакцията | Кина_Георгиева |
| 944 ## - СЪЗДАВАНЕ И РЕДАКЦИЯ на ЗАПИСА | |
| Създаване/Редакция | Редакция |
| Дата на регистрацията/редакция | 29.09.2016 |
| Служител, извършил регистрацията/редакцията | Кина_Георгиева |
| 999 ## - СИСТЕМНИ КОНТРОЛНИ НОМЕРА | |
| Koha biblionumber | 182220 |
| Koha biblioitemnumber | 182220 |
| Код за отписване | Код за изгубен артикул | Източник на класификационната схема | Код за повреда | Коз за рестрикции | Код за отдаване | Артикулен № | Име на библиотеката - собственик | Име на библиотеката, в която се намира в момента | Статус (Текущо местоположение) | Дата на вписване в системата | Местоположение - отдел | Цена в лева | Инвентарен номер | Систематично азбучна сигнатура | Баркод | Номер на екземпляра | Цена в евро | Служебна бележка | Служебен тип на артикула |
|---|---|---|---|---|---|---|---|---|---|---|---|---|---|---|---|---|---|---|---|
| Не е изгубен | Universal Decimal Classification | Не е повреден | без рестрикции | ползва се в читалня | 312615 | Регионална библиотека "Любен Каравелов" Русе | Регионална библиотека "Любен Каравелов" Русе | Хранилище | 1989-01-01 | Хранилище | 2.53 | 548601 | Цб 166170 | 120000548601 | 1 | 1.29 | N: стар фонд Дата: 01.01.1989 | Книги | |
| Изтеглен | Не е изгубен | Universal Decimal Classification | Не е повреден | без рестрикции | заемане за дома | 312616 | Регионална библиотека "Любен Каравелов" Русе | Регионална библиотека "Любен Каравелов" Русе | Заемна - подръчен фонд | 1989-01-01 | Заемна - подръчен фонд | 2.83 | 546430 | П 911.2/Г 55 | 546430 | 2 | 1.45 | N: стар фонд Дата: 01.01.1989 | Книги |
| Не е изгубен | Universal Decimal Classification | Не е повреден | без рестрикции | заемане за дома | 312617 | Регионална библиотека "Любен Каравелов" Русе | Регионална библиотека "Любен Каравелов" Русе | Заемна - подръчен фонд | 1989-01-01 | Заемна - подръчен фонд | 2.83 | 546429 | П 911/Г 55 | 120000546429 | 3 | 1.45 | N: стар фонд Дата: 01.01.1989 | Книги |